Dannye k padežnomu snikpetizmu na osnove "Povesti prihoženii Stefana Batoriâ na grad Pskov

Elmentve itt :
Bibliográfiai részletek
Szerzők: H. Tóth Imre
Horgosi
Dokumentumtípus: Cikk
Megjelent: 1966
Sorozat:Dissertationes slavicae 4
Kulcsszavak:Nyelvtudomány
Online Access:http://acta.bibl.u-szeged.hu/672
LEADER 00669nab a2200193 i 4500
001 acta672
005 20210310125520.0
008 161015s1966 hu o 0|| rus d
022 |a 0586-3732 
040 |a SZTE Egyetemi Kiadványok Repozitórium  |b hun 
041 |a rus 
100 2 |a H. Tóth Imre 
245 1 0 |a Dannye k padežnomu snikpetizmu na osnove "Povesti prihoženii Stefana Batoriâ na grad Pskov  |h [elektronikus dokumentum] /  |c  H. Tóth Imre 
260 |c 1966 
300 |a 14-15 
490 0 |a Dissertationes slavicae  |v 4 
695 |a Nyelvtudomány 
700 0 3 |a Horgosi   |e aut 
856 4 0 |u http://acta.bibl.u-szeged.hu/672/1/dissert_slav_004_014-015.pdf  |z Dokumentum-elérés